SKYTRAX 2022 全球最佳机场 top30 airports - Statistics

General Stats
  • This quiz has been taken 116 times
  • The average score is 12 of 30
Answer Stats
排名 机场 % Correct
3 新加坡樟宜机场
80%
2 东京羽田国际机场
79%
4 东京成田国际机场
66%
20 香港国际机场
66%
6 巴黎夏尔·戴高乐机场
62%
14 迪拜国际机场
61%
18 广州白云国际机场
60%
5 首尔仁川国际机场
58%
13 伦敦希思罗机场
54%
21 法兰克福机场
54%
24 罗马菲乌米奇诺机场
45%
8 伊斯坦布尔机场
44%
1 多哈哈马德国际机场
41%
7 慕尼黑机场
41%
10 大阪关西国际机场
41%
16 马德里巴拉哈斯机场
40%
15 阿姆斯特丹史基浦机场
39%
23 巴塞罗那安普拉特机场
31%
26 墨尔本机场
29%
28 利雅得哈立德国王国际机场
29%
17 哥本哈根凯斯楚普机场
27%
19 维也纳国际机场
27%
28 温哥华国际机场
27%
9 苏黎世机场
25%
12 名古屋中部国际机场
24%
27 西雅图塔科马国际机场
23%
11 赫尔辛基万塔机场
19%
30 海口美兰国际机场
16%
22 布里斯班机场
10%
25 杜塞尔多夫机场
4%
No matching quizzes found
Score Distribution
Percent of People with Each Score
Percentile by Number Answered
Your Score History
You have not taken this quiz